Catálogo público

Oxford advanced learner's dictionary of current english / (Record no. 165611)

MARC details
000 -CABECERA
campo de control de longitud fija 00671nam a2200289Ia 4500
001 - NÚMERO DE CONTROL
campo de control Z_2552
003 - IDENTIFICADOR DEL NÚMERO DE CONTROL
campo de control CHAP
008 - DATOS DE LONGITUD FIJA--INFORMACIÓN GENERAL
campo de control de longitud fija 220113s2000 xx 000 0 und d
010 ## - NÚMERO DE CONTROL DE LA BIBLIOTECA DEL CONGRESO
Número de control de LC 165611
040 ## - FUENTE DE LA CATALOGACIÓN
Centro/agencia transcriptor CHAP
082 ## - NÚMERO DE LA CLASIFICACIÓN DECIMAL DEWEY
Número de clasificación 423.6 O9
100 ## - ENTRADA PRINCIPAL--NOMBRE DE PERSONA
Nombre de persona
245 ## - MENCIÓN DE TÍTULO
Título Oxford advanced learner's dictionary of current english /
Mención de responsabilidad, etc.
260 ## - PUBLICACIÓN, DISTRIBUCIÓN, ETC.
Lugar de publicación, distribución, etc. Oxford :
Nombre del editor, distribuidor, etc. Oxford University Press,
Fecha de publicación, distribución, etc. 2000
300 ## - DESCRIPCIÓN FÍSICA
Extensión 1539 p. + C.D.
440 ## - MENCIÓN DE SERIE/PUNTO DE ACCESO ADICIONAL--TÍTULO
Título
500 ## - NOTA GENERAL
Nota general
503 ## - NOTA DE HISTORIA BIBLIOGRÁFICA (BK CF MU) [OBSOLETO]
Nota de historia bibliográfica 224952
650 ## - PUNTO DE ACCESO ADICIONAL DE MATERIA--TÉRMINO DE MATERIA
Término de materia o nombre geográfico como elemento de entrada Diccionario
Subdivisión general Inglés I. t.
9 (RLIN) 139304
650 ## - PUNTO DE ACCESO ADICIONAL DE MATERIA--TÉRMINO DE MATERIA
Término de materia o nombre geográfico como elemento de entrada Inglés
Subdivisión general Diccionarios
9 (RLIN) 58332
901 ## - ELEMENTOS DE DATOS A LOCAL LDA (RLIN)
a 423.6 O9
902 ## - ELEMENTOS DE DATOS B LOCAL, LDB (RLIN)
a A
910 ## - DATOS DE OPCIÓN DEL USUARIO (OCLC)
Datos de opción del usuario 2000
942 ## - ELEMENTOS DE PUNTO DE ACCESO ADICIONAL (KOHA)
Tipo de ítem Koha Libro_
942 ## - ELEMENTOS DE PUNTO DE ACCESO ADICIONAL (KOHA)
Tipo de ítem Koha
Holdings
Estado de retiro Estado de pérdida Fuente del sistema de clasificación o colocación Estado dañado Restricciones de uso No para préstamo Código de colección Localización permanente Ubicación/localización actual Fecha de adquisición Fuente de adquisición Número de inventario Signatura topográfica completa Código de barras Fecha visto por última vez Número de copia Precio válido a partir de Tipo de ítem Koha
    Dewey Decimal Classification   Préstamo interno   Consulta Zootecnia Zootecnia 09/11/2005 Compra 224952 423.6 O9 z_5064 18/01/2022 1 18/01/2022 Libro